<?xml version="1.0" encoding="UTF-8"?>
<record
    xmlns:xsi="http://www.w3.org/2001/XMLSchema-instance"
    xsi:schemaLocation="http://www.loc.gov/MARC21/slim http://www.loc.gov/standards/marcxml/schema/MARC21slim.xsd"
    xmlns="http://www.loc.gov/MARC21/slim">

  <leader>02887nam a2200349 c 4500</leader>
  <controlfield tag="001">57771</controlfield>
  <controlfield tag="003">CO-BoRNBP</controlfield>
  <controlfield tag="005">20250730152608.0</controlfield>
  <controlfield tag="007">ta</controlfield>
  <controlfield tag="008">231206s2023    ck o|||er ||| 001 1 spa d</controlfield>
  <datafield tag="020" ind1=" " ind2=" ">
    <subfield code="a">9789585305243</subfield>
  </datafield>
  <datafield tag="040" ind1=" " ind2=" ">
    <subfield code="a">CO-BoRNBP</subfield>
    <subfield code="b">spa</subfield>
    <subfield code="e">rda</subfield>
    <subfield code="c">CO-BoRNBP</subfield>
  </datafield>
  <datafield tag="041" ind1="0" ind2=" ">
    <subfield code="a">spa</subfield>
  </datafield>
  <datafield tag="082" ind1="0" ind2="4">
    <subfield code="a">305.8</subfield>
    <subfield code="b">C17p</subfield>
    <subfield code="2">22</subfield>
  </datafield>
  <datafield tag="100" ind1=" " ind2=" ">
    <subfield code="a">C&#xE1;sseres Estrada, Solmery</subfield>
    <subfield code="e">aut</subfield>
    <subfield code="9">61582</subfield>
  </datafield>
  <datafield tag="245" ind1="1" ind2="0">
    <subfield code="a">Palenque de San Basilio :</subfield>
    <subfield code="b">costumbres y tradiciones ancestrales Tomo I /</subfield>
    <subfield code="c">Solmery C&#xE1;sseres Estrada.</subfield>
  </datafield>
  <datafield tag="250" ind1=" " ind2=" ">
    <subfield code="a">Edici&#xF3;n especial para el Ministerio de las Culturas</subfield>
  </datafield>
  <datafield tag="264" ind1=" " ind2="1">
    <subfield code="a">Bogot&#xE1;, Colombia :</subfield>
    <subfield code="b">Ambientes de Aprendizaje,</subfield>
    <subfield code="c">2023</subfield>
  </datafield>
  <datafield tag="300" ind1=" " ind2=" ">
    <subfield code="a">208 p&#xE1;ginas :</subfield>
    <subfield code="b">ilustraciones y fotograf&#xED;as a blanco y negro</subfield>
  </datafield>
  <datafield tag="336" ind1=" " ind2=" ">
    <subfield code="a">texto</subfield>
    <subfield code="b">txt</subfield>
    <subfield code="2">rdacontenido</subfield>
  </datafield>
  <datafield tag="337" ind1=" " ind2=" ">
    <subfield code="a">sin mediaci&#xF3;n</subfield>
    <subfield code="b">n</subfield>
    <subfield code="2">rdamedio</subfield>
  </datafield>
  <datafield tag="338" ind1=" " ind2=" ">
    <subfield code="a">volumen</subfield>
    <subfield code="b">nc</subfield>
    <subfield code="2">rdasoporte</subfield>
  </datafield>
  <datafield tag="500" ind1=" " ind2=" ">
    <subfield code="a">Incluye datos curriculares de la autora</subfield>
  </datafield>
  <datafield tag="504" ind1=" " ind2=" ">
    <subfield code="a">Incluye bibliograf&#xED;a</subfield>
  </datafield>
  <datafield tag="505" ind1="1" ind2=" ">
    <subfield code="t">Rese&#xF1;a hist&#xF3;rica de Palenque de San Basilio</subfield>
    <subfield code="t">Aspecto econ&#xF3;mico: p&#xE9;rdida de las tierras del Bajo Grande</subfield>
    <subfield code="t">El Kuagro, rese&#xF1;a hist&#xF3;rica</subfield>
    <subfield code="t">El velorio en la comunidad palenquera y sus costumbres</subfield>
    <subfield code="t">La familia</subfield>
    <subfield code="t">La infancia y la ni&#xF1;ez en la comunidad palenquera</subfield>
    <subfield code="t">Lengua palenque</subfield>
    <subfield code="t">Aspectos religiosos</subfield>
    <subfield code="t">El boxeo en Palenque</subfield>
  </datafield>
  <datafield tag="520" ind1="3" ind2=" ">
    <subfield code="a">Hoy en pleno siglo XXI, la licenciada Solmery Casseres Estrada, se ha convertido en una fiel defensora de las costumbres y tradiciones que adquiri&#xF3; desde ni&#xF1;a en su pueblo natal, Palenque de San Basilio, escuchando noche tras noche las historias, cuentos, mi- tos y leyendas narradas por sus abuelos, que la enriquecieron de conocimientos, que hoy plasma en sus escritos, como una manera de rescatar y fortalecer sus verdaderas ra&#xED;ces ancestrales de origen africano, que le ha permitido continuar la siembra de esa semilla libertaria, forjando as&#xED; el camino para que las nuevas generaciones transiten con paso firme en medio de ella. Cada una de esas costumbres y tradiciones de car&#xE1;cter identitario ha permitido la estabilidad y el reconocimiento de Palenque de San Basilio a trav&#xE9;s de la historia como el resultado de la lucha que sostuvieron los cimarrones para alcanzar su libertad, defender y proteger sus diversidad &#xE9;tnica y cultural, sus derechos e ideales, su participaci&#xF3;n activa en las tomas de decisiones pol&#xED;ticas, eco- n&#xF3;micas, sociales, culturales y religiosas en el pa&#xED;s, y rescatar sus nombres, apellidos, sus orishas, para obtener una calidad de vida digna y que fueran reconocidos como seres humanos</subfield>
  </datafield>
  <datafield tag="521" ind1=" " ind2=" ">
    <subfield code="a">Recomendado para un p&#xFA;blico adulto</subfield>
  </datafield>
  <datafield tag="650" ind1="0" ind2="7">
    <subfield code="a">Afrocolombianos</subfield>
    <subfield code="x">aspectos sociales</subfield>
    <subfield code="z">San Basilio de Palenque (Bol&#xED;var, Colombia)</subfield>
    <subfield code="2">lemb</subfield>
    <subfield code="9">61583</subfield>
  </datafield>
  <datafield tag="650" ind1="0" ind2="7">
    <subfield code="a">Identidad cultural</subfield>
    <subfield code="z">San Basilio de Palenque (Bol&#xED;var, Colombia)</subfield>
    <subfield code="2">lemb</subfield>
  </datafield>
  <datafield tag="650" ind1="0" ind2="7">
    <subfield code="a">Negros</subfield>
    <subfield code="x">costumbres y pr&#xE1;cticas</subfield>
    <subfield code="z">San Basilio de Palenque (Bol&#xED;var, Colombia)</subfield>
    <subfield code="2">lemb</subfield>
    <subfield code="9">61584</subfield>
  </datafield>
  <datafield tag="942" ind1=" " ind2=" ">
    <subfield code="2">ddc</subfield>
    <subfield code="c">BK</subfield>
  </datafield>
  <datafield tag="999" ind1=" " ind2=" ">
    <subfield code="c">57771</subfield>
    <subfield code="d">57771</subfield>
  </datafield>
  <datafield tag="952" ind1=" " ind2=" ">
    <subfield code="0">0</subfield>
    <subfield code="1">0</subfield>
    <subfield code="2">ddc</subfield>
    <subfield code="4">0</subfield>
    <subfield code="7">0</subfield>
    <subfield code="8">GEN</subfield>
    <subfield code="a">MEMACARE</subfield>
    <subfield code="b">MEMACARE</subfield>
    <subfield code="c">GEN</subfield>
    <subfield code="d">2025-07-30</subfield>
    <subfield code="l">0</subfield>
    <subfield code="o">305.8 C17p</subfield>
    <subfield code="p">LM02769</subfield>
    <subfield code="r">2025-07-30 15:28:05</subfield>
    <subfield code="t">Ej.1</subfield>
    <subfield code="w">2025-07-30</subfield>
    <subfield code="y">BK</subfield>
  </datafield>
</record>
